| 000 | 00452nam a22001817a 4500 | ||
|---|---|---|---|
| 003 | koha_MIRAKIL | ||
| 005 | 20231213095812.0 | ||
| 008 | 231213b |||||||| |||| 00| 0 ||| d | ||
| 020 | _b9-75991134-5 | ||
| 040 |
_aTR-IsEVY _btur _cTR-IsEVY |
||
| 082 | _aFIC OST/C | ||
| 100 | _aOstrow, Kim. | ||
| 245 | 0 | _aChuckie'nin yeni annesi. | |
| 260 |
_bDoğan Egmont Yayıncılık, _c2002 |
||
| 300 | _a[24] | ||
| 650 | _aGenel Konular. | ||
| 942 |
_2ddc _cBK |
||
| 999 |
_c9689 _d9689 |
||